000 02928nam a2201177 c 4500
001 a5669107
003 PE-LiUPU
005 20250813185708.0
008 150723s2015 sp | |||| 000 0 spa
020 _a9788416288311
040 _aPE-LiUPU
_bspa
_cPE-LiUPU
_erda
082 _223
_a303.49
_bM715c
100 1 _aMojica, Francisco José
_4autor
_0XX5499697
245 1 3 _a¿Hacia dónde va el mundo? :
_bprospectiva, megatendencias y escenarios latinoamericanos /
_cFrancisco José Mojica, Francisco López Segrera.
264 _a[Vilassar de Dalt, Barcelona] :
_bEl Viejo Topo D. L.
_c2015.
300 _a210 páginas ;
_c22 centímetros.
336 _aTexto (visual)
_2isbdcontent
337 _asin mediación
_2isbdmedia
500 _aIncluye prólogo.
504 _aIncluye referencias bibliográficas
505 _aForecasting y Prospectiva-- Modelos de Prospectiva estratégica para la construcción del futuro-- Modelos de Prospectiva estratégica para la construcción del futuro-- Prospectiva y Megatendencias-- Liberalismo y pos-neoliberalismo en América Latina y el Caribe: posibles escenarios- Anexos.
526 _aP202
526 _aP201
526 _aP163
526 _aP162
526 _aP161
526 _aP160
526 _aP148
526 _aP147
526 _aP146
526 _aP145
526 _aP144
526 _aP143
526 _aP142
526 _aP141
526 _aP140
526 _aP139
526 _aP138
526 _aP137
526 _aP136
526 _aP135
526 _aP134
526 _aP133
526 _aP129
526 _aP128
526 _aP127
526 _aP120
526 _aP119
526 _aP118
526 _aP116
526 _aP115
526 _aP114
526 _aP110
526 _aP109
526 _aP108
526 _aP104
526 _aP103
526 _aP102
526 _aP99
526 _aP98
526 _aP97
526 _aP96
526 _aP95
526 _aP93
526 _aP90
526 _aP89
526 _aP88
526 _aP83
526 _aP82
526 _aP62
526 _aP59
526 _aP58
526 _aP57
526 _aP51
526 _aP49
526 _aP48
526 _aP47
526 _aP29
526 _aP24
526 _aP20
526 _aP19
526 _aP17
526 _aP15
526 _aP14
526 _aP12
526 _aP10
526 _aP09
526 _aP08
526 _aP07
526 _aP06
526 _aP05
526 _aP04
526 _aP01
650 1 7 _aProspectiva
_2embne
650 2 4 _aPolítica internacional
_93950
650 2 4 _aEscenario internacional
_93953
700 1 _aLópez Segrera, Francisco
_d1940-
_4autor.
942 _2ddc
_cBK
_n0
956 _a2
980 _618228
_aChristian Lazo Analista Documental
_81
_gALBERTO SANCHEZ Responsable de Automatización
999 _c62375
_d62374